Tilastot visalle Valtioita sinisen JetPunk-kalan sisällä maailmankartalla

Klikkaa tästä pelataksesi tätä visaa!

Yleistilastot

  • Tätä visaa on pelattu 707 kertaa
  • Keskiarvotulos 24 / 32

Vastaukset kartalla

Vastauksille on annettu kartalla punavihreä väri sen mukaan, kuinka moni on saanut sen oikein.
 

Vastaustilastot

Valtio% Oikein
Egypti
90%
Italia
87%
Algeria
86%
Espanja
86%
Libya
86%
Marokko
86%
Ranska
84%
Niger
83%
Portugali
83%
Turkki
83%
Venäjä
83%
Mali
82%
Sudan
82%
Saudi-Arabia
81%
Tunisia
80%
Irak
79%
Iran
79%
Tšad
78%
Israel
76%
Mauritania
76%
Syyria
75%
Malta
74%
Kypros
72%
Kreikka
71%
Libanon
65%
Georgia
64%
Vatikaanivaltio
63%
Armenia
61%
Kuwait
60%
San Marino
60%
Azerbaidžan
58%
Albania
38%

Tulosjakauma

Persentiili vastausten määrän mukaan

Jokaisen tuloksen saaneiden osuus

Tuloshistoriasi

Et ole pelannut tätä visaa